Responses for Show #3574 - Thursday, March 2, 2000

Contestants

[<< previous game]

Jim Bush, an attorney and mediator from Cardiff-by-the-Sea, California

Kristi Barksdale, a computer systems administrator from Atlanta, Georgia

Susan Caylor, an account manager from Atlanta, Georgia (whose 1-day cash winnings total $11,301)

[next game >>]

Jeopardy! Round responses

1890s SCIENCE
NOTABLE NASHES
ALL THINGS BRITISH
NAME THAT FLICK
WRITERS BY MIDDLE NAME
IN 2 WORDS
(Alex: Each correct response will be 2 words.)
    $100 7
diamonds

Susan
    $100 26
Don Johnson

Kristi
    $100 6
Saint George

Jim
    $100 1
Splash

Susan
    $100 17
James Fenimore Cooper

Kristi
    $100 12
no parking

Jim
    $200 8
gloves

Susan
    $200 27
automobiles

Susan
    $200 22
Magna Carta

Kristi
    $200 2
It's A Wonderful Life

Kristi
    $200 18
Henry Wadsworth Longfellow

Kristi
    $200 13
(Susan: What is that is?)

a Roman numeral

SusanKristi
    $300 9
Wilhelm Roentgen

Kristi
    $300 28
the Revolutionary War

Jim
    $300 23
William Shakespeare

Susan
    $300 3
Goldfinger

Susan
    $300 19
Henry David Thoreau

Kristi
    $300 14
a double negative

Kristi
    $400 10
Guglielmo Marconi

Jim
    $400 29
(Kristi: What is Bath?)

Brighton

SusanKristi
    $400 24
Harrods

Susan
    $400 4
The Producers

Triple Stumper
    $400 20
Joyce Carol Oates

Kristi
    $400 15
carte blanche

Kristi
    $500 11
photography

Jim
    $500 30
(Alex: Kristi, you are definitely a well-read young woman!)

Ogden Nash

Kristi
    $500 25
(S: What is Leeds?)
(and we have one minute to deal with the last category...)

Wembley Stadium

SusanKristi
    $500 5
Annie Hall

Susan
    $500 21
(Alex: You ran the category: very impressive! We would have been satisfied with last names, you gave us the full name in each case!)

Ford Madox Ford

Kristi
    $500 16
a conscientious objector

Susan

Scores at the first commercial break (after clue 13):

Susan Kristi Jim
$1,000 $700 $1,100

Scores at the end of the Jeopardy! Round:

Susan Kristi Jim
$2,300 $3,800 $1,400

Double Jeopardy! Round responses

FERDINAND & ISABELLA
(Alex: What a team!)
MEAT & POTATOES
(Alex: A better team!)
HITHER & YON
ROCK & ROLL
THIS & THAT
"S" & "M"
    $200 8
Portugal

Susan
    $200 7
au gratin

Jim
    $200 4
the Pacific Ocean

Susan
    $200 1
The Who

Susan
    $200 12
Newt Gingrich

Kristi
    $200 22
the spider monkey

Kristi
    $400 21
Judaism

Kristi
    $400 9
stew

Susan
    $400 11
12

Triple Stumper
    $400 2
Yellow Submarine

Susan
    $400 13
(Jim: Who are the usual subjects?)

the usual suspects

SusanJim
    $400 25
the stage manager

Susan
    $600 26
Moors

Jim
    $600 10
Sloppy Joes

Kristi
    $600 18
Black Sea

Kristi
    $600 3
"Eye Of The Tiger"

Kristi
    $600 14
indigo

Susan
    $600 24
safety matches

Kristi
    $800 27
Sicily

Jim
    $800 16
shepherd's pie

Kristi
    $800 19
Siberia

Jim
    $800 5
(Alex: I can't believe anyone howling at Mr. Rogers!)

Mister Rogers

Kristi
    $800 15
hose

Susan
    $2,500 29
(Jim: What is... Savannah Mountain?)
(Alex: You're the only player on the show today not from Georgia; Susan and Kristi were going like this: ohh, that's [*], yes, yes, yes!)

Stone Mountain

Jim
    $1000 28
the Poor Clares

Triple Stumper
    $1,000 23
(Kristi: What is a T-bone?)

a porterhouse

Kristi
    $1000 20
Mont Blanc

Jim
    $1000 6
Boston

Susan
    $1000 17
an affidavit

Susan
    $1000 30
Saint Monica

Triple Stumper

Scores at the end of the Double Jeopardy! Round:

Susan Kristi Jim
$7,900 $7,600 $1,900

[wagering suggestions for these scores]

Final Jeopardy! Round responses

BUSINESS & INDUSTRY
JimWhat is Heinz?
$600
KristiWhat is Heinz?
$2,400
SusanWhat is [Hunt's] Heintz?
$5,001
H.J. Heinz

Final scores:

Susan Kristi Jim
$12,901 $10,000 $2,500
2-day champion: $24,202 2nd place: Trip to Sandals Royal Bahamian Resort & Spa 3rd place: Siemens Gigaset 2420 Cordless Phone

Game dynamics:

Coryat scores:

Susan Kristi Jim
$7,900 $8,600 $4,400
21 R
(including 1 DD),
2 W
23 R,
2 W
(including 1 DD)
10 R,
2 W
(including 1 DD)

Combined Coryat: $20,900

[game clues] [game scores] [suggest correction]

Game tape date: 1999-12-01
The J! Archive is created by fans, for fans. Scraping, republication, monetization, and malicious use prohibited; this site may use cookies and collect identifying information. See terms. The Jeopardy! game show and all elements thereof, including but not limited to copyright and trademark thereto, are the property of Jeopardy Productions, Inc. and are protected under law. This website is not affiliated with, sponsored by, or operated by Jeopardy Productions, Inc. Join the discussion at JBoard.tv.